[Event "Raipur Chhattisgarh"]
[Site "Raipur"]
[Date "2022.09.25"]
[Round "7"]
[White "Saptarshi, Roy Chowdhury"]
[Black "Chakravarthi, Reddy M"]
[Result "1/2-1/2"]
[WhiteElo "2388"]
[BlackElo "2306"]
[PlyCount "116"]
[EventDate "2022.09.19"]
[EventType "swiss"]
[EventRounds "10"]
[EventCountry "IND"]
[SourceTitle "CBM 210 Extra"]
[Source "ChessBase"]
[SourceDate "2022.11.30"]
[SourceVersion "1"]
[SourceVersionDate "2022.11.30"]
[SourceQuality "1"]

1. e4 e6 2. d4 d5 3. Nc3 Nf6 4. Bg5 Be7 5. Bxf6 Bxf6 6. Nf3 0-0 7. Bd3 c5 8. e5 Be7 9. h4 h6 10. g4 cxd4 11. Ne2 f6 12. exf6 Rxf6 13. Ne5 Qc7 14. g5 Bb4+ 15. Kf1 Qxe5 16. gxf6 Qxf6 17. a3 Bf8 18. Nxd4 Bc5 19. c3 Nc6 20. b4 Bb6 21. Ra2 Nxd4 22. cxd4 Bd7 23. Qh5 Bxd4 24. Rg1 Rf8 25. Qg6 Qxg6 26. Rxg6 Kf7 27. Rc2 Ke7 28. Rg4 Be5 29. b5 Rf7 30. Ke2 Bf4 31. Bg6 Rf8 32. Bd3 g5 33. hxg5 hxg5 34. Rg1 e5 35. f3 g4 36. Rc7 e4 37. Rxd7+ Kxd7 38. fxe4 g3 39. exd5 Bd6 40. Rg2 Kc7 41. a4 Kb6 42. Be4 Ka5 43. Bc2 Kb4 44. Kd3 Kc5 45. Ke3 Kb4 46. Kd3 Rf5 47. Ke4 Rf4+ 48. Ke3 Rc4 49. Kf3 Rc3+ 50. Kg4 Kc4 51. Kf5 Rf3+ 52. Ke6 Rf2 53. Be4 Rxg2 54. Bxg2 Kc5 55. Kd7 Bf4 56. Kc8 a6 57. Kxb7 axb5 58. axb5 Kxb5 1/2-1/2

[Event "Raipur Chhattisgarh"]
[Site "Raipur"]
[Date "2022.09.21"]
[Round "3"]
[White "Saptarshi, Roy Chowdhury"]
[Black "Krasenkow, Michal"]
[Result "0-1"]
[WhiteElo "2388"]
[BlackElo "2545"]
[PlyCount "112"]
[EventDate "2022.09.19"]
[EventType "swiss"]
[EventRounds "10"]
[EventCountry "IND"]
[SourceTitle "CBM 210 Extra"]
[Source "ChessBase"]
[SourceDate "2022.11.30"]
[SourceVersion "1"]
[SourceVersionDate "2022.11.30"]
[SourceQuality "1"]

1. e4 g6 2. d4 Bg7 3. Nc3 c6 4. Be3 d5 5. Qd2 dxe4 6. Nxe4 Nd7 7. Ne2 Ngf6 8. N2c3 Qa5 9. f3 0-0 10. Bc4 Nxe4 11. fxe4 c5 12. d5 Ne5 13. Be2 Bg4 14. 0-0 Rab8 15. a3 Rfc8 16. Kh1 Bd7 17. Bg5 Re8 18. d6 e6 19. Bf6 c4 20. Qf4 Bxf6 21. Qxf6 Rf8 22. Rad1 Bc6 23. Qg5 Qc5 24. Nd5 exd5 25. Qxe5 Rbe8 26. Qd4 Qxd4 27. Rxd4 Rxe4 28. Rxe4 dxe4 29. Bxc4 Kg7 30. b4 b5 31. Bb3 f5 32. c4 bxc4 33. Bxc4 Kf6 34. b5 Bd7 35. a4 Rc8 36. Bd5 Ke5 37. Rd1 Rc3 38. Kg1 Rd3 39. Rxd3 exd3 40. Bf3 g5 41. Kf2 g4 42. Ba8 Kd4 43. Bc6 d2 44. Ke2 Kc3 45. Bxd7 Kc2 46. Bxf5+ Kc1 47. d7 d1Q+ 48. Kf2 h5 49. h3 gxh3 50. Bxh3 Qd4+ 51. Ke2 h4 52. Kf3 Kd2 53. a5 Qc3+ 54. Ke4 Qxa5 55. Be6 Qc7 56. Kf5 Kc3 0-1

[Event "Raipur Chhattisgarh"]
[Site "Raipur"]
[Date "2022.09.19"]
[Round "1"]
[White "Saptarshi, Roy Chowdhury"]
[Black "Morvekar, Kedar"]
[Result "1-0"]
[WhiteElo "2388"]
[BlackElo "2093"]
[PlyCount "59"]
[EventDate "2022.09.19"]
[EventType "swiss"]
[EventRounds "10"]
[EventCountry "IND"]
[SourceTitle "CBM 210 Extra"]
[Source "ChessBase"]
[SourceDate "2022.11.30"]
[SourceVersion "1"]
[SourceVersionDate "2022.11.30"]
[SourceQuality "1"]

1. e4 c5 2. Nf3 d6 3. Bc4 Nf6 4. d3 e6 5. Bb3 Be7 6. 0-0 0-0 7. c3 Nbd7 8. Re1 b6 9. Nbd2 Bb7 10. Nf1 Rc8 11. Bc2 Qc7 12. Ng3 Ne5 13. h3 Ng6 14. Nh2 d5 15. Ng4 dxe4 16. dxe4 Rfd8 17. Qe2 Nxg4 18. hxg4 Bd6 19. Nh5 Nf4 20. Qf3 Nxh5 21. gxh5 f5 22. Qh3 Re8 23. h6 g6 24. Bg5 Be7 25. Bxe7 Rxe7 26. exf5 exf5 27. Bb3+ Kf8 28. Qh4 Qd6 29. Qc4 Ke8 30. Qf7+ 1-0

[Event "Novi Sad TS Mix 157th"]
[Site "Novi Sad"]
[Date "2021.02.18"]
[Round "8"]
[White "Nikitenko, Mihail"]
[Black "Saptarshi, Roy Chowdhury"]
[Result "1/2-1/2"]
[WhiteElo "2452"]
[BlackElo "2411"]
[PlyCount "99"]
[EventDate "2021.02.14"]
[EventType "swiss"]
[EventRounds "10"]
[EventCountry "SRB"]
[SourceTitle "CBM 200 Extra"]
[Source "ChessBase"]
[SourceDate "2021.03.31"]
[SourceVersion "1"]
[SourceVersionDate "2021.03.31"]
[SourceQuality "1"]

1. e4 c5 2. Nf3 a6 3. c4 Nc6 4. Nc3 Nd4 5. d3 g6 6. Be2 Bg7 7. 0-0 e6 8. Rb1 Ne7 9. Bg5 h6 10. Bd2 0-0 11. a3 d6 12. b4 f5 13. bxc5 dxc5 14. Na4 Nxf3+ 15. Bxf3 Qxd3 16. exf5 Nxf5 17. Ba5 Qxa3 18. Bb6 Bd4 19. Nxc5 Bxc5 20. Rb3 Bxf2+ 21. Rxf2 Qe7 22. g4 Nh4 23. Be4 Bd7 24. Qd2 Ba4 25. Rh3 Qg5 26. Qxg5 hxg5 27. Be3 Rxf2 28. Kxf2 Rf8+ 29. Ke2 Bc6 30. Bxc6 bxc6 31. Bxg5 Ng2 32. Rf3 e5 33. Rxf8+ Kxf8 34. Kf3 Nf4 35. Ke4 Ne6 36. Bd2 Nd4 37. Bb4+ Kf7 38. Bd6 Ke6 39. Bxe5 Nb3 40. Bc3 g5 41. Kf3 c5 42. Be1 Nd4+ 43. Ke4 Nb3 44. h3 a5 45. Kd3 a4 46. Kc3 Nd4 47. Kb2 Nf3 48. Bf2 Nd2 49. Bxc5 Nxc4+ 50. Kc3 1/2-1/2

[Event "New Delhi Parsvnath op-A 18th"]
[Site "New Delhi"]
[Date "2020.01.11"]
[Round "4"]
[White "Karthikeyan, Murali"]
[Black "Saptarshi, Roy Chowdhury"]
[Result "1/2-1/2"]
[WhiteElo "2606"]
[BlackElo "2460"]
[PlyCount "146"]
[EventDate "2020.01.09"]
[EventType "swiss"]
[EventRounds "10"]
[EventCountry "IND"]
[SourceTitle "CBM 194 Extra"]
[Source "ChessBase"]
[SourceDate "2020.03.31"]
[SourceVersion "1"]
[SourceVersionDate "2020.03.31"]
[SourceQuality "1"]

1. e4 c5 2. Nf3 a6 3. c3 e6 4. d4 d5 5. exd5 exd5 6. Bd3 c4 7. Bc2 Nc6 8. 0-0 Bd6 9. b3 cxb3 10. axb3 Nge7 11. Re1 0-0 12. Nbd2 Bf5 13. Nf1 Rc8 14. Bd2 Qd7 15. c4 Bxc2 16. Qxc2 Qf5 17. Qb2 Rfe8 18. c5 Bb8 19. b4 Na7 20. Qb3 Nb5 21. Rad1 Rcd8 22. Bg5 f6 23. Bc1 Kf8 24. Re2 Nc6 25. Rxe8+ Kxe8 26. Ne3 Qh5 27. h3 Kf8 28. Nc2 Re8 29. Ne3 Rd8 30. Nc2 Re8 31. Be3 Qf5 32. Na3 Nxa3 33. Qxa3 Qc2 34. Rc1 Qe2 35. Qb3 Rd8 36. Rb1 Qb5 37. Ne1 Qc4 38. Nc2 Qxb3 39. Rxb3 Bc7 40. b5 axb5 41. Rxb5 Rb8 42. g4 g5 43. Kg2 Kf7 44. Ne1 Ke6 45. Nd3 b6 46. f4 bxc5 47. Rxc5 Kd6 48. fxg5 fxg5 49. Bxg5 Rb3 50. Bf4+ Kd7 51. Rxd5+ Ke6 52. Rc5 Nxd4 53. Rxc7 Rxd3 54. Rxh7 Kf6 55. Rh6+ Kf7 56. Be5 Rd2+ 57. Kg3 Rd3+ 58. Kg2 Rd2+ 59. Kg3 Rd3+ 60. Kf2 Ne6 61. h4 Rd5 62. Rf6+ Ke7 63. Rf5 Kd7 64. h5 Nc5 65. Bc3 Ne4+ 66. Kf3 Nxc3 67. h6 Rd3+ 68. Kg2 Ke6 69. Rf8 Rd7 70. g5 Rf7 71. Rg8 Nd5 72. g6 Nf4+ 73. Kg3 Nxg6 1/2-1/2

[Event "New Delhi Parsvnath op-A 18th"]
[Site "New Delhi"]
[Date "2020.01.10"]
[Round "3"]
[White "Saptarshi, Roy Chowdhury"]
[Black "Rozum, Ivan"]
[Result "1/2-1/2"]
[WhiteElo "2460"]
[BlackElo "2573"]
[PlyCount "98"]
[EventDate "2020.01.09"]
[EventType "swiss"]
[EventRounds "10"]
[EventCountry "IND"]
[SourceTitle "CBM 194 Extra"]
[Source "ChessBase"]
[SourceDate "2020.03.31"]
[SourceVersion "1"]
[SourceVersionDate "2020.03.31"]
[SourceQuality "1"]

1. e4 c6 2. d4 d5 3. Nc3 dxe4 4. Nxe4 Bf5 5. Ng3 Bg6 6. h4 h6 7. Nf3 Nd7 8. h5 Bh7 9. Bd3 Bxd3 10. Qxd3 e6 11. Bd2 Ngf6 12. 0-0-0 Be7 13. Nf1 c5 14. Ne3 cxd4 15. Nxd4 Nc5 16. Qb5+ Qd7 17. f3 a6 18. Qxd7+ Ncxd7 19. g4 0-0 20. Rhe1 Rfc8 21. Kb1 b5 22. Nb3 Nb6 23. Bc3 Kf8 24. Be5 Nfd5 25. Nxd5 Nxd5 26. Re4 Bf6 27. Bxf6 Nxf6 28. Red4 Nd5 29. c3 a5 30. Nd2 Ke7 31. Re1 Rd8 32. Ne4 Nb6 33. Red1 Rd5 34. Rxd5 Nxd5 35. Rd4 g6 36. hxg6 fxg6 37. a4 bxa4 38. Rxa4 Nb6 39. Ra1 a4 40. Kc2 h5 41. Rh1 Rh8 42. Rh4 Nc4 43. Ng3 Rb8 44. gxh5 Rxb2+ 45. Kc1 Rg2 46. Rxc4 Rxg3 47. hxg6 Rxf3 48. Kb2 Rg3 49. Rxa4 Rxg6 1/2-1/2

[Event "Pattaya Thailand op 2nd"]
[Site "Pattaya"]
[Date "2019.10.25"]
[Round "4"]
[White "Saptarshi, Roy Chowdhury"]
[Black "Yaniuk, Volodymyr"]
[Result "0-1"]
[WhiteElo "2456"]
[BlackElo "2189"]
[PlyCount "178"]
[EventDate "2019.10.23"]
[EventType "swiss"]
[EventRounds "9"]
[EventCountry "THA"]
[SourceTitle "CBM 192 Extra"]
[Source "Chessbase"]
[SourceDate "2019.11.06"]
[SourceVersion "1"]
[SourceVersionDate "2019.11.06"]
[SourceQuality "1"]

1. e4 e5 2. Nf3 Nc6 3. Bb5 a6 4. Ba4 Nf6 5. 0-0 Be7 6. Re1 b5 7. Bb3 d6 8. c3 0-0 9. d4 Bg4 10. d5 Na5 11. Bc2 Qc8 12. Nbd2 c6 13. dxc6 Qxc6 14. h3 Be6 15. Nf1 Rfc8 16. Ng5 Bd7 17. Ne3 g6 18. Qf3 Rf8 19. Nd5 Nxd5 20. exd5 Qc8 21. Nxh7 Kxh7 22. Qh5+ Kg8 23. Bxg6 fxg6 24. Qxg6+ Kh8 25. Qh5+ Kg8 26. Re3 Rf4 27. Qg6+ Kh8 28. Qh6+ Kg8 29. Rg3+ Rg4 30. hxg4 Qf8 31. g5 Qg7 32. g6 Qxh6 33. Bxh6 Nc4 34. b3 Nb6 35. Rd1 Bh4 36. Re3 Bf5 37. f4 Nd7 38. Rf1 e4 39. g4 Bxg4 40. Rxe4 Bf5 41. Re3 Bf6 42. Kh2 Rc8 43. Rg1 Nf8 44. g7 Nd7 45. Bg5 Kxg7 46. Rgg3 Kf7 47. Re2 Rc5 48. Bxf6 Nxf6 49. Rg5 Rxd5 50. a3 Nh7 51. Rh5 Kg6 52. Rh4 Rd3 53. Rg2+ Kf7 54. Rg3 Rd2+ 55. Rg2 Rd3 56. Rg3 Rd1 57. Rg1 Rd5 58. Rh5 Nf6 59. Rhg5 Rd2+ 60. R1g2 Rxg2+ 61. Rxg2 Be6 62. Rd2 Ke7 63. b4 Ne4 64. Rd3 Kf6 65. Kg2 Bc4 66. Re3 Kf5 67. Rf3 Nd2 68. Rf2 Bd5+ 69. Kh2 Ne4 70. Rf3 Kg4 71. Rh3 Kxf4 72. Kg1 Bc4 73. Kg2 Be2 74. Kg1 Bf3 75. Rh6 Ke3 76. Rh7 Nxc3 77. Ra7 d5 78. Rxa6 Bd1 79. Re6+ Ne4 80. Re5 Bb3 81. Rh5 Bc4 82. Rh3+ Kd2 83. Kg2 d4 84. Rh4 Kc3 85. Kf3 Nd2+ 86. Kf4 Nb1 87. Ke5 d3 88. Kd6 Nxa3 89. Kc5 d2 0-1

[Event "Gujarat op 2nd"]
[Site "Ahmedabad"]
[Date "2019.09.29"]
[Round "10"]
[White "Sandipan, Chanda"]
[Black "Saptarshi, Roy Chowdhury"]
[Result "1-0"]
[WhiteElo "2529"]
[BlackElo "2480"]
[PlyCount "105"]
[EventDate "2019.09.22"]
[EventType "swiss"]
[EventRounds "10"]
[EventCountry "IND"]
[SourceTitle "EXT 2020"]
[Source "ChessBase"]
[SourceDate "2019.10.17"]
[SourceVersion "1"]
[SourceVersionDate "2019.10.17"]
[SourceQuality "1"]

1. d4 Nf6 2. c4 e6 3. Nc3 Bb4 4. e3 0-0 5. Bd2 d5 6. Nf3 b6 7. cxd5 exd5 8. Rc1 Bb7 9. Bd3 Nbd7 10. 0-0 Be7 11. Qc2 c5 12. Ne5 cxd4 13. exd4 Nxe5 14. dxe5 Ne4 15. Rcd1 Rc8 16. Qb1 f5 17. exf6 Nxf6 18. Bf5 d4 19. Bg5 h6 20. Bxf6 Bxf6 21. Bxc8 Qxc8 22. Ne4 Be5 23. Rfe1 Rf4 24. Ng3 Qc6 25. f3 Qd6 26. Qd3 Bd5 27. Qe2 Bf6 28. Nh5 Rf5 29. Nxf6+ Qxf6 30. Qe7 Rxf3 31. Qxf6 Rxf6 32. b3 Rg6 33. g3 Rg4 34. Re8+ Kf7 35. Rd8 Rg5 36. Rxd4 Ke6 37. Ra4 a5 38. Rb8 Bc6 39. Rxb6 Kd7 40. Rc4 Bb5 41. Rb7+ Kd6 42. Rd4+ Kc5 43. Rf4 g6 44. Ra7 Kb6 45. Rg7 Bd3 46. Kf2 Rd5 47. Ke3 Bb1 48. Rf6+ Kc5 49. Rc7+ Kb4 50. Rc4+ Ka3 51. Rf2 Re5+ 52. Kd4 Re4+ 53. Kd5 1-0

[Event "Gujarat op 2nd"]
[Site "Ahmedabad"]
[Date "2019.09.25"]
[Round "6"]
[White "Saptarshi, Roy Chowdhury"]
[Black "Vasquez Schroder, Rodrigo Rafael"]
[Result "1/2-1/2"]
[WhiteElo "2480"]
[BlackElo "2476"]
[PlyCount "76"]
[EventDate "2019.09.22"]
[EventType "swiss"]
[EventRounds "10"]
[EventCountry "IND"]
[SourceTitle "EXT 2020"]
[Source "ChessBase"]
[SourceDate "2019.10.17"]
[SourceVersion "1"]
[SourceVersionDate "2019.10.17"]
[SourceQuality "1"]

1. e4 c5 2. Nf3 d6 3. Bc4 Nc6 4. d3 Nf6 5. h3 g6 6. 0-0 Bg7 7. Bb3 0-0 8. c3 Rb8 9. Re1 b5 10. d4 e5 11. dxc5 dxc5 12. Qxd8 Rxd8 13. Bg5 c4 14. Bc2 h6 15. Be3 Be6 16. Nbd2 Nh5 17. b4 a5 18. a4 axb4 19. axb5 Nd4 20. Ba4 bxc3 21. Nb1 Nxb5 22. Bxb5 Rxb5 23. Nxc3 Rb3 24. Na4 Rc8 25. Nd2 Rd3 26. Nb1 Rc6 27. Nbc3 Nf4 28. Kf1 Bf8 29. Rab1 Bd6 30. Rec1 Ra6 31. h4 Kg7 32. g3 Bh3+ 33. Kg1 Rxa4 34. Nxa4 Ne2+ 35. Kh2 Nxc1 36. Rxc1 Ra3 37. Nb6 Be6 38. Nxc4 Ra6 1/2-1/2

[Event "Gujarat op 2nd"]
[Site "Ahmedabad"]
[Date "2019.09.23"]
[Round "2"]
[White "Saptarshi, Roy Chowdhury"]
[Black "Satkar, Chirag"]
[Result "1-0"]
[WhiteElo "2480"]
[BlackElo "2052"]
[PlyCount "117"]
[EventDate "2019.09.22"]
[EventType "swiss"]
[EventRounds "10"]
[EventCountry "IND"]
[SourceTitle "EXT 2020"]
[Source "ChessBase"]
[SourceDate "2019.10.17"]
[SourceVersion "1"]
[SourceVersionDate "2019.10.17"]
[SourceQuality "1"]

1. e4 e5 2. Nf3 Nc6 3. Bb5 a6 4. Ba4 Nf6 5. 0-0 Be7 6. Re1 b5 7. Bb3 d6 8. c3 0-0 9. d4 Bg4 10. d5 Na5 11. Bc2 c6 12. h3 Bc8 13. dxc6 Qc7 14. Nbd2 Qxc6 15. Nf1 Nc4 16. a4 Rb8 17. b3 Nb6 18. a5 Nbd7 19. b4 Bb7 20. Ng3 Rfe8 21. Bd2 Bf8 22. Rc1 d5 23. Ng5 h6 24. exd5 Nxd5 25. N5e4 Rbd8 26. Bb3 Qe6 27. Qf3 g6 28. c4 bxc4 29. Bxc4 f5 30. Nc5 Nxc5 31. bxc5 Kh7 32. Ba2 Bc6 33. Qe2 Bb5 34. Bc4 Qc6 35. Bxb5 axb5 36. Qf3 e4 37. Qb3 Rd7 38. Ne2 Bg7 39. Nf4 Red8 40. h4 Be5 41. Nh3 Bd4 42. Rc2 Kg7 43. Rb1 Nc7 44. Bf4 Ne6 45. Qxb5 Qxb5 46. Rxb5 Rd5 47. Rb7+ Kf6 48. c6 Rxa5 49. c7 Rc8 50. Rb8 Ra1+ 51. Kh2 Rxc7 52. Rxc7 Nxc7 53. Bxc7 Ra2 54. Bg3 Rc2 55. Rf8+ Kg7 56. Rd8 Bb2 57. Rd7+ Kf6 58. Rd6+ Kf7 59. h5 1-0

[Event "Udaipur Lakecity op 1st"]
[Site "Udaipur"]
[Date "2019.09.17"]
[Round "6"]
[White "Saptarshi, Roy Chowdhury"]
[Black "Das, Sayantan"]
[Result "0-1"]
[WhiteElo "2480"]
[BlackElo "2434"]
[PlyCount "129"]
[EventDate "2019.09.13"]
[EventType "swiss"]
[EventRounds "10"]
[EventCountry "IND"]
[SourceTitle "EXT 2020"]
[Source "ChessBase"]
[SourceDate "2019.10.17"]
[SourceVersion "1"]
[SourceVersionDate "2019.10.17"]
[SourceQuality "1"]

1. e4 c5 2. Nf3 d6 3. d4 cxd4 4. Nxd4 Nf6 5. Nc3 a6 6. Bg5 e6 7. Bc4 Be7 8. Bb3 Nc6 9. Qd2 h6 10. Bh4 0-0 11. 0-0-0 Na5 12. Bg3 b5 13. Rhe1 Nxb3+ 14. Nxb3 b4 15. Na4 Bd7 16. e5 dxe5 17. Nac5 Nd5 18. Nxd7 Qxd7 19. Bxe5 Rfc8 20. Re4 f5 21. Re2 a5 22. Kb1 a4 23. Nd4 b3 24. c4 Rxc4 25. Nxf5 Bg5 26. f4 Rc2 27. Qe1 Bxf4 28. Bxf4 Rxe2 29. Qxe2 bxa2+ 30. Ka1 exf5 31. Qc4 Ra5 32. Bd2 Rb5 33. Bc3 Kh7 34. Rd3 Qb7 35. Be5 Nb4 36. Re3 Qd5 37. Qe2 Nc6 38. Bc3 Rb7 39. Rd3 Qc4 40. Qf3 Rf7 41. Rd5 a3 42. Rd2 axb2+ 43. Rxb2 Nd4 44. Bxd4 Qxd4 45. Kxa2 Ra7+ 46. Kb1 Qg1+ 47. Kc2 Rc7+ 48. Kb3 Qb6+ 49. Ka2 Qa5+ 50. Kb1 Qe1+ 51. Ka2 Ra7+ 52. Kb3 Qe6+ 53. Kc2 Ra4 54. Qd3 Re4 55. Rb5 Re2+ 56. Kd1 Re1+ 57. Kd2 Re4 58. Rd5 Qf6 59. Kc2 Rf4 60. Kb3 Rf2 61. g4 Qb2+ 62. Ka4 Qb6 63. Ka3 Rf4 64. gxf5 Qb4+ 65. Ka2 0-1

[Event "Udaipur Lakecity blitz op 1st"]
[Site "Udaipur"]
[Date "2019.09.16"]
[Round "6"]
[White "Chudasama, Ankit"]
[Black "Saptarshi, Roy Chowdhury"]
[Result "0-1"]
[WhiteElo "1838"]
[BlackElo "2390"]
[PlyCount "94"]
[EventDate "2019.09.16"]
[EventType "swiss (blitz)"]
[EventRounds "9"]
[EventCountry "IND"]
[SourceTitle "EXT 2020"]
[Source "ChessBase"]
[SourceDate "2019.10.17"]
[SourceVersion "1"]
[SourceVersionDate "2019.10.17"]
[SourceQuality "1"]

1. e4 d5 2. exd5 Qxd5 3. Nc3 Qa5 4. d4 Nf6 5. Nf3 c6 6. Bc4 Bf5 7. Ne5 e6 8. Bd2 Qc7 9. g4 Bg6 10. h4 Nbd7 11. Qe2 Bb4 12. 0-0-0 Bxc3 13. Bxc3 Be4 14. Rhe1 Bd5 15. Bxd5 Nxd5 16. Bd2 Nxe5 17. dxe5 0-0-0 18. c4 Ne7 19. Qe3 c5 20. Qa3 b6 21. Bg5 Rxd1+ 22. Rxd1 Nc6 23. Qa6+ Kb8 24. Bf4 f6 25. Bg3 fxe5 26. Qa4 h5 27. gxh5 Rxh5 28. Qc2 Rf5 29. Qe4 a5 30. a3 Ka7 31. Qg4 Nd4 32. Qg6 Qd7 33. Kb1 e4 34. Qh7 Kb7 35. Qg8 e5 36. h5 Qf7 37. Qxf7+ Rxf7 38. Bxe5 Rxf2 39. Bxg7 e3 40. h6 e2 41. Re1 Rf1 42. Bxd4 Rxe1+ 43. Kc2 Rc1+ 44. Kxc1 e1Q+ 45. Kc2 cxd4 46. h7 Qe4+ 47. Kb3 Qxh7 0-1

[Event "Udaipur Lakecity blitz op 1st"]
[Site "Udaipur"]
[Date "2019.09.16"]
[Round "8"]
[White "Laxman, Rajaram"]
[Black "Saptarshi, Roy Chowdhury"]
[Result "1-0"]
[WhiteElo "2468"]
[BlackElo "2390"]
[PlyCount "167"]
[EventDate "2019.09.16"]
[EventType "swiss (blitz)"]
[EventRounds "9"]
[EventCountry "IND"]
[SourceTitle "EXT 2020"]
[Source "ChessBase"]
[SourceDate "2019.10.17"]
[SourceVersion "1"]
[SourceVersionDate "2019.10.17"]
[SourceQuality "1"]

1. Nf3 d5 2. d4 Nc6 3. Bf4 Bg4 4. e3 f6 5. h3 Bxf3 6. Qxf3 e5 7. dxe5 fxe5 8. Bh2 Nf6 9. Bb5 e4 10. Qf5 Qe7 11. Nc3 a6 12. Ba4 g6 13. Qe5 b5 14. Qxe7+ Bxe7 15. Bb3 0-0-0 16. 0-0-0 d4 17. exd4 Nxd4 18. Rhe1 Bb4 19. Be5 Nxb3+ 20. axb3 Rxd1+ 21. Rxd1 Bxc3 22. Bxc3 Rf8 23. Re1 Nd5 24. Bd4 Re8 25. g3 Kd7 26. c3 Kd6 27. b4 Re6 28. Kd2 Nb6 29. Bxb6 cxb6 30. Ra1 Rf6 31. Ke3 Kd5 32. Rxa6 Kc4 33. Kxe4 Rxf2 34. Rxb6 Rxb2 35. Rc6+ Kb3 36. Rc5 Rc2 37. Kd4 Rd2+ 38. Ke3 Rc2 39. Rxb5 Rxc3+ 40. Kf4 Rc4+ 41. Kg5 Rc3 42. Kh4 h6 43. Rb6 g5+ 44. Kg4 h5+ 45. Kxg5 Rxg3+ 46. Kh4 Rc3 47. b5 Rc5 48. Rb8 Kb4 49. b6 Rb5 50. b7 Kb3 51. Kg3 Rb4 52. h4 Rg4+ 53. Kf3 Rb4 54. Ke3 Kb2 55. Kd2 Kb3 56. Kd3 Kb2 57. Ke3 Kb3 58. Kf3 Kb2 59. Rh8 Rxb7 60. Rxh5 Kc3 61. Rd5 Rg7 62. Kf4 Kc4 63. Rd8 Kc5 64. h5 Rg1 65. Kf5 Kc6 66. h6 Kc7 67. h7 Rf1+ 68. Ke4 Re1+ 69. Kf3 Kxd8 70. h8Q+ Re8 71. Qf6+ Kd7 72. Kf4 Re6 73. Qf7+ Re7 74. Qd5+ Kc7 75. Kf5 Rd7 76. Qc5+ Kb7 77. Ke6 Rc7 78. Qb5+ Ka7 79. Kd6 Rb7 80. Qc5+ Ka6 81. Qa3+ Kb6 82. Qe3+ Ka6 83. Kc6 Rb5 84. Qd3 1-0

[Event "Udaipur Lakecity blitz op 1st"]
[Site "Udaipur"]
[Date "2019.09.16"]
[Round "5"]
[White "Saptarshi, Roy Chowdhury"]
[Black "Ghosh, Diptayan"]
[Result "0-1"]
[WhiteElo "2390"]
[BlackElo "2527"]
[PlyCount "128"]
[EventDate "2019.09.16"]
[EventType "swiss (blitz)"]
[EventRounds "9"]
[EventCountry "IND"]
[SourceTitle "EXT 2020"]
[Source "ChessBase"]
[SourceDate "2019.10.17"]
[SourceVersion "1"]
[SourceVersionDate "2019.10.17"]
[SourceQuality "1"]

1. e4 e5 2. Nf3 Nc6 3. Bb5 a6 4. Ba4 Nf6 5. 0-0 Be7 6. Re1 b5 7. Bb3 d6 8. c3 0-0 9. d4 Bg4 10. d5 Na5 11. Bc2 c6 12. h3 Bc8 13. dxc6 Qc7 14. Nbd2 Qxc6 15. Nf1 h6 16. Ng3 Be6 17. a4 Rfd8 18. axb5 axb5 19. Nh4 Bf8 20. Nhf5 Kh7 21. Qf3 Ng8 22. Ne3 Nc4 23. Rxa8 Rxa8 24. Nd5 Kh8 25. Nh5 Nb6 26. Rd1 Nd7 27. g4 g6 28. Ng3 Bg7 29. g5 hxg5 30. Bxg5 Bh6 31. h4 Kg7 32. Kh2 Bxg5 33. hxg5 Bxd5 34. exd5 Qc7 35. Kg2 Ne7 36. Rh1 Rg8 37. Ne4 Nf5 38. Nf6 Nxf6 39. gxf6+ Kxf6 40. Kf1 Qc4+ 41. Bd3 Qf4 42. Qxf4 exf4 43. Bxb5 Rb8 44. c4 Nd4 45. Rh3 f3 46. Ke1 Ke5 47. Kd2 Nxb5 48. cxb5 Rxb5 49. Rxf3 Rxb2+ 50. Kc3 Rb7 51. Kc4 Rc7+ 52. Kb5 Kxd5 53. Kb6 Re7 54. Rd3+ Ke5 55. Kc6 Re6 56. Re3+ Kf6 57. Rd3 g5 58. Kd5 Kg6 59. Rg3 Rf6 60. f3 Kf5 61. Rg4 Re6 62. Rd4 Re3 63. Kxd6 Rxf3 64. Ke7 Kg6 0-1

[Event "Udaipur Lakecity blitz op 1st"]
[Site "Udaipur"]
[Date "2019.09.16"]
[Round "7"]
[White "Saptarshi, Roy Chowdhury"]
[Black "Hesham, Abdelrahman"]
[Result "1-0"]
[WhiteElo "2390"]
[BlackElo "2500"]
[PlyCount "39"]
[EventDate "2019.09.16"]
[EventType "swiss (blitz)"]
[EventRounds "9"]
[EventCountry "IND"]
[SourceTitle "EXT 2020"]
[Source "ChessBase"]
[SourceDate "2019.10.17"]
[SourceVersion "1"]
[SourceVersionDate "2019.10.17"]
[SourceQuality "1"]

1. e4 e5 2. Nf3 Nc6 3. Bc4 Bc5 4. d3 Nf6 5. 0-0 a6 6. c3 d6 7. a4 Ba7 8. h3 0-0 9. Re1 h6 10. Nbd2 Re8 11. Nf1 Be6 12. Bxe6 Rxe6 13. b4 d5 14. Qb3 dxe4 15. dxe4 Qd3 16. Rd1 Qxe4 17. Re1 Qd3 18. Bxh6 Ne4 19. Bc1 Nf6 20. Bh6 1-0

[Event "Udaipur Lakecity op 1st"]
[Site "Udaipur"]
[Date "2019.09.15"]
[Round "4"]
[White "Saptarshi, Roy Chowdhury"]
[Black "Sahoo, Utkal Ranjan"]
[Result "1/2-1/2"]
[WhiteElo "2480"]
[BlackElo "2329"]
[PlyCount "82"]
[EventDate "2019.09.13"]
[EventType "swiss"]
[EventRounds "10"]
[EventCountry "IND"]
[SourceTitle "EXT 2020"]
[Source "ChessBase"]
[SourceDate "2019.10.17"]
[SourceVersion "1"]
[SourceVersionDate "2019.10.17"]
[SourceQuality "1"]

1. e4 e5 2. Nf3 Nc6 3. Bb5 Nf6 4. 0-0 Nxe4 5. d4 Nd6 6. Bxc6 dxc6 7. dxe5 Nf5 8. Qxd8+ Kxd8 9. Nc3 Bd7 10. h3 h6 11. b3 Be7 12. Bb2 b6 13. Ne2 Ke8 14. Nf4 h5 15. Rae1 Be6 16. Nxe6 fxe6 17. Bc1 c5 18. Rd1 a5 19. a4 Rd8 20. Rxd8+ Bxd8 21. Rd1 Rg8 22. g4 hxg4 23. hxg4 Nh6 24. g5 Nf5 25. g6 Rh8 26. Ng5 Bxg5 27. Bxg5 Ne7 28. Kg2 Nd5 29. Rd2 Rh5 30. f4 Ne7 31. Rd1 Nc6 32. Rd3 Ne7 33. c4 Nc6 34. Bf6 Rh6 35. Rg3 Kf8 36. Bg5 Rh5 37. Rd3 Ke8 38. Rg3 Nd4 39. Rd3 Nc6 40. Bf6 Rh6 41. Rg3 Kf8 1/2-1/2

[Event "Mumbai Wealth op 4th"]
[Site "Mumbai"]
[Date "2019.01.06"]
[Round "8"]
[White "Rajesh, VAV"]
[Black "Saptarshi, Roy Chowdhury"]
[Result "1-0"]
[WhiteElo "2402"]
[BlackElo "2494"]
[PlyCount "113"]
[EventDate "2018.12.30"]
[EventType "swiss"]
[EventRounds "9"]
[EventCountry "IND"]
[SourceTitle "CBM 188 Extra"]
[Source "ChessBase"]
[SourceDate "2019.02.26"]
[SourceVersion "1"]
[SourceVersionDate "2019.02.26"]
[SourceQuality "1"]

1. d4 d5 2. c4 e6 3. Nf3 c6 4. e3 Nf6 5. Bd3 Nbd7 6. b3 Bb4+ 7. Nbd2 0-0 8. 0-0 b6 9. Bb2 Bb7 10. Qe2 c5 11. Rfd1 cxd4 12. exd4 Nh5 13. Qe3 g6 14. a3 Bd6 15. g3 Ng7 16. b4 f5 17. c5 Be7 18. Rac1 Rc8 19. Bb5 Nb8 20. Ne5 a6 21. Bf1 f4 22. Qe1 Bg5 23. Rc2 Nd7 24. Ndf3 Nxe5 25. Nxe5 Bf6 26. Rdc1 Bxe5 27. Qxe5 Rf5 28. Qe1 Rc7 29. Bh3 Rh5 30. Bxe6+ Kh8 31. Bg4 Rg5 32. Bh3 b5 33. Re2 Bc6 34. Re5 Rxe5 35. Qxe5 fxg3 36. hxg3 Re7 37. Qd6 Qe8 38. Bc3 Re2 39. Qf6 Kg8 40. Bg4 Re4 41. Bf3 Re7 42. Qd6 Qd7 43. Qxd7 Rxd7 44. Re1 h5 45. Re5 Kf7 46. Kg2 Kf6 47. Bd2 Kf7 48. Kh3 Ne6 49. Be3 Nc7 50. g4 hxg4+ 51. Bxg4 Re7 52. Rxe7+ Kxe7 53. Bg5+ Ke8 54. Bf4 Na8 55. Kh4 Ke7 56. Kg5 Be8 57. Bc8 1-0